Polsko - ruské vztahy po madridském summitu a zahraniční politika České republiky

Miera a smer vplyvu poľsko-ruských vzťahov na vývoj politickej a bezpečnostnej situácie v stredoeurópskom priestore. Zahraničná politika Poľska, Ruska, strednej Európy a Českej republiky. Predpokladané dôsledky možného vývoja poľsko-ruských vzťahov pre zahraničnú politiku Českej republiky. Vzťahy Po...

Celý popis

Uložené v:
Podrobná bibliografia
Hlavný autor: Leška, Vladimír
Médium: Kapitola
Jazyk:Czech
Predmet:
Tagy: Pridať tag
Žiadne tagy, Buďte prvý, kto otaguje tento záznam!

MARC

LEADER 00000naa a2200000 4500
001 r032539
005 20230927113148.4
041 0 |a cze 
044 |a CZ 
245 1 0 |a Polsko - ruské vztahy po madridském summitu a zahraniční politika České republiky  |c Vladimír Leška 
520 |a Miera a smer vplyvu poľsko-ruských vzťahov na vývoj politickej a bezpečnostnej situácie v stredoeurópskom priestore. Zahraničná politika Poľska, Ruska, strednej Európy a Českej republiky. Predpokladané dôsledky možného vývoja poľsko-ruských vzťahov pre zahraničnú politiku Českej republiky. Vzťahy Poľska a strednej Európy. Miesto Ruska v stredoeurópskej politike. 
610 2 0 |a vzťahy politické medzinárodné 
610 2 0 |a Poľsko 
610 2 0 |a Rusko 
610 2 0 |a Česko 
610 2 0 |a stredná Európa 
610 2 0 |a politika zahraničná 
610 2 0 |a hospodárstvo svetové 
610 2 0 |a bezpečnosť európska 
100 1 |a Leška, Vladimír